Nonlinear Analysis of Structures (1997) /
"Nonlinear Analysis of Structures presents a complete evaluation of the nonlinear static and dynamic behavior of beams, rods, plates, trusses, frames, mechanisms, stiffened structures, sandwich plates, and shells. These elements are important components in a wide variety of structures and vehic...
| Main Author: | |
|---|---|
| Corporate Author: | |
| Format: | eBook |
| Language: | English |
| Published: |
Boca Raton, FL :
CRC Press,
2017.
|
| Edition: | First edition. |
| Series: | CRC Press Revivals
|
| Subjects: | |
| Online Access: | Connect to the full text of this electronic book Connect to the full text of this electronic book Connect to the full text of this electronic book |
MARC
| Tag | First Indicator | Second Indicator | Subfields |
|---|---|---|---|
| LEADER | 00000cam a2200000Ii 4500 | ||
| 001 | in00004580940 | ||
| 006 | m o d | ||
| 007 | cr cn||||||||| | ||
| 008 | 171208s2017 flu ob 001 0 eng d | ||
| 005 | 20220613175748.5 | ||
| 035 | |a (FlBoTFG)9780203711255 | ||
| 040 | |a OCoLC-P |b eng |e rda |e pn |c OCoLC-P | ||
| 020 | |a 9780203711255 |q (electronic book) | ||
| 020 | |a 0203711254 |q (electronic book) | ||
| 020 | |a 9781351359825 |q (electronic book ; |q electronic book) | ||
| 020 | |a 1351359827 | ||
| 020 | |a 9781351359818 | ||
| 020 | |a 1351359819 | ||
| 020 | |a 9781351359801 | ||
| 020 | |a 1351359800 | ||
| 020 | |z 1138105880 |q (print) | ||
| 020 | |z 9781138105881 |q (print) | ||
| 020 | |z 9781138560956 | ||
| 024 | 7 | |a 10.1201/9780203711255 |2 doi | |
| 035 | |a (OCoLC)1014359231 | ||
| 035 | |a (OCoLC-P)1014359231 | ||
| 050 | 4 | |a TA646 |b .S38 2017 | |
| 072 | 7 | |a MAT003000 |2 bisacsh | |
| 072 | 7 | |a MAT |x 003000 |2 bisacsh | |
| 072 | 7 | |a PB |2 bicssc | |
| 082 | 0 | 4 | |a 624.1/71 |2 23 |
| 100 | 1 | |a Sathyamoorthy, M., |e author. | |
| 245 | 1 | 0 | |a Nonlinear Analysis of Structures (1997) / |c by Muthukrishnan Sathyamoorthy. |
| 250 | |a First edition. | ||
| 264 | 1 | |a Boca Raton, FL : |b CRC Press, |c 2017. | |
| 300 | |a 1 online resource : |b text file, PDF | ||
| 336 | |a text |b txt |2 rdacontent | ||
| 337 | |a computer |b c |2 rdamedia | ||
| 338 | |a online resource |b cr |2 rdacarrier | ||
| 490 | 0 | |a CRC Press Revivals | |
| 520 | 2 | |a "Nonlinear Analysis of Structures presents a complete evaluation of the nonlinear static and dynamic behavior of beams, rods, plates, trusses, frames, mechanisms, stiffened structures, sandwich plates, and shells. These elements are important components in a wide variety of structures and vehicles such as spacecraft and missiles, underwater vessels and structures, and modern housing. Today's engineers and designers must understand these elements and their behavior when they are subjected to various types of loads. Coverage includes the various types of nonlinearities, stress-strain relations and the development of nonlinear governing equations derived from nonlinear elastic theory. This complete guide includes both mathematical treatment and real-world applications, with a wealth of problems and examples to support the text. Special topics include a useful and informative chapter on nonlinear analysis of composite structures, and another on recent developments in symbolic computation. Designed for both self-study and classroom instruction, Nonlinear Analysis of Structures is also an authoritative reference for practicing engineers and scientists. One of the world's leaders in the study of nonlinear structural analysis, Professor Sathyamoorthy has made significant research contributions to the field of nonlinear mechanics for twenty-seven years. His foremost contribution to date has been the development of a unique transverse shear deformation theory for plates undergoing large amplitude vibrations and the examination of multiple mode solutions for plates. In addition to his notable research, Professor Sathyamoorthy has also developed and taught courses in the field at universities in India, Canada, and the United States."--Provided by publisher. | |
| 505 | 0 | |a Cover; Half Title; Title Page; Copyright Page; Contents; Foreword; Preface; Chapter 1 Nonlinear Bending and Vibration of Beams; 1.1 Introduction; 1.2 Types of Nonlinearities; Geometric Nonlinearity; Material Nonlinearity; 1.3 Nonlinear Governing Equations for Beams; Moment-Curvature Nonlinearity; Geometric Nonlinearity Due to Stretching; Material Nonlinearity; 1.4 Methods of Solution; 1.5 Geometrically Nonlinear Beam Problems; Moment-Curvature Nonlinearity-Cantilever Beam; Centrally Loaded Beam with Two Supports; Cantilever Beam Subjected to Tip Load. | |
| 505 | 8 | |a Clamped-Clamped Beam with a Central Concentrated LoadSimply Supported Beam Under Uniformly Distributed Load; Cantilever Beam Subjected to a Distributed Loading; Nonlinearity Due to Stretching; Clamped-Clamped Beam with Immovable End; Beams with Hinged Ends; 1.6 Vibrations of Beams with Various Boundary Conditions; Curvature-Displacement Nonlinearity-Beams with Hinged Ends; Cantilever Beam; Nonlinearity Due to Stretching-Beams with Hinged Ends; Clamped-Clamped Beam; Assumed-Time-Mode Approximation; Assumed-Space-Mode Approximation; Ritz-Galerkin Approximation; 1.7 Forced Vibrations of Beams. | |
| 505 | 8 | |a Hinged BeamsMultiple Mode Solution for Hinged Beams; Beams with Clamped Ends; 1.8 Postbuckling-Cantilever Columns; 1.9 Behavior of Beams with Material Nonlinearity; Cantilever Beam-Elastic Plastic Material; Nonlinearity of Ludwick Type; Ramberg-Osgood Type Nonlinearity; Vibration Problems; Summary; Problems; References and Bibliography; Chapter 2 Nonlinear Static and Dynamic Analysis of Plates; 2.1 Introduction; 2.2 Geometric and Material Nonlinearities; Geometric Nonlinearity; Material Nonlinearity; 2.3 Governing Nonlinear Equations for Plates; Stress Function Approach. | |
| 505 | 8 | |a Displacement Equations ApproachBerger Approach; 2.4 Boundary Conditions and Methods of Solution; Boundary Conditions; Methods of Solution; 2.5 Large Deflections of Rectangular Plates; 2.6 Large Deflection Analysis of Nonrectangular Plates; Moderately Thick Plates; Movable Edges; Immovable Edges; 2.7 Free and Forced Vibration of Rectangular Plates; Large Amplitude Free Vibration; Large Amplitude Forced Vibration; 2.8 Free and Forced Vibration of Nonrectangular Plates; Orthotropic Skew Plates; Orthotropic Elliptical Plates; Orthotropic Triangular Plates. | |
| 505 | 8 | |a Free and Forced Vibrations of Circular PlatesEquations in Terms of Displacements u°, v°, and w; Equations in Terms of Stress Function F and Lateral Displacement w; 2.9 Multiple Mode Solution to Free Vibration of Plates; Orthotropic Elliptical Plate; 2.10 Postbuckling Behavior of Plates; Orthotropic Skew Plates; 2.11 Effects of Transverse Shear Deformation and Material Nonlinearity; Moderately Thick Skew Plates; Rectilinearly Orthotropic Moderately Thick Elliptical Plates., ; Large Deflection of Plates with Material Nonlinearity; Summary; Problems; Appendix A; References and Bibliography. | |
| 588 | |a OCLC-licensed vendor bibliographic record. | ||
| 630 | 0 | 0 | |a Applied mathematics. |
| 650 | 0 | |a Structural analysis (Engineering) | |
| 650 | 0 | |a Nonlinear theories. | |
| 650 | 7 | |a MATHEMATICS / Applied |2 bisacsh | |
| 655 | 7 | |a Electronic books. |2 local | |
| 710 | 1 | |a Taylor & Francis. | |
| 730 | 0 | |a MATHnetBASE. | |
| 856 | 4 | 0 | |u http://proxy.library.tamu.edu/login?url=https://www.taylorfrancis.com/books/e/9781351359825 |z Connect to the full text of this electronic book |t 0 |
| 856 | 4 | 0 | |u http://proxy.library.tamu.edu/login?url=https://www.taylorfrancis.com/books/e/9780203711255 |z Connect to the full text of this electronic book |t 0 |
| 856 | 4 | 0 | |u http://proxy.library.tamu.edu/login?url=https://www.taylorfrancis.com/books/9780203711255 |z Connect to the full text of this electronic book |t 0 |
| 938 | |a Taylor & Francis |b TAFR |n 9780203711255 | ||
| 999 | f | f | |s d5300708-5f2d-45f3-8104-349bdf8c40a0 |i d5300708-5f2d-45f3-8104-349bdf8c40a0 |t 0 |
| 952 | f | f | |a Texas A&M University |b College Station |c Electronic Resources |d Available Online |t 0 |e TA646 .S38 2017 |h Library of Congress classification |
| 998 | f | f | |a TA646 .S38 2017 |t 0 |l Available Online |